Management: Concepts and situations

Bewaard in:
Bibliografische gegevens
Hoofdauteur: Howard M. Carlisle
Formaat: Boek
Taal:Undetermined
Gepubliceerd in: Chicago Science Research Associates 1976
Onderwerpen:
Tags: Voeg label toe
Geen labels, Wees de eerste die dit record labelt!
Thư viện lưu trữ: Trung tâm Học liệu Trường Đại học Cần Thơ
LEADER 00486nam a2200181Ia 4500
001 CTU_68970
008 210402s9999 xx 000 0 und d
082 |a 658.4 
082 |b C283 
100 |a Howard M. Carlisle 
245 0 |a Management: Concepts and situations 
245 0 |c Howard M. Carlisle 
260 |a Chicago 
260 |b Science Research Associates 
260 |c 1976 
650 |a management 
904 |i Minh 
980 |a Trung tâm Học liệu Trường Đại học Cần Thơ